| 000 | 00945nam a2200253 a 4500 | ||
|---|---|---|---|
| 001 | 000008009 | ||
| 003 | OSt | ||
| 005 | 20251120073731.0 | ||
| 008 | 090914s1979 dr 000 0 spa d | ||
| 040 |
_aDO-SdBNP _bspa _cBNPHU |
||
| 082 |
_a338.17371 _bZ22p |
||
| 100 | 1 |
_aZaldivar Luna, Iturbides G. _921893 |
|
| 245 | 1 | 0 |
_aProduccción y comercialización de tabaco negro en la República Dominicana / _cIturbides G. Zaldivar Luna; prólogo Luis Peralta Henderson. |
| 260 |
_aSantiago de los Caballeros, Rep. Dom : _bUCMM, _c1979. |
||
| 300 |
_a116 p. : _bil. , map. ; _c22 cm. |
||
| 490 | 0 | _aEstudios | |
| 504 | _aIncluye referencias bibliográficas (116 p.) | ||
| 590 | _aInventariado, 2020 / DG | ||
| 650 | 4 |
_aIndústria del tabaco _zRepública Dominicana _921894 |
|
| 700 | 1 |
_aPeralta Henderson, Luis _921895 |
|
| 710 | 2 |
_aPontificia Universidad Católica Madre y Maestra _9843 |
|
| 910 | _aInventariado, 2020 / DG | ||
| 942 |
_2ddc _cLBS1 |
||
| 999 |
_c7786 _d7786 |
||